00800nam a22002177a 450000500170000001000150001702000260003203500140005803700090007208200110008110000330009224500530012525000060017826000540018427000880023830000200032670000450034694200220039199900190041395201500043220250212110008.0 aENG-143739 c599.00a9879391504308 aEN-127271 bDBAD a30621 aGrewal, Amarjit Singh977506 aThe Creative Uprising/ cby Amarjit singh Grewal a1 aNew Delhi bHar-Anand Publications Pvt Ltd c2024 bNew Delhi e110020aE-49/3, Okhla Industrial Area, Phase IIminfo@haranandbooks.com a216p.c21cm(pb) aGrewal, Amarjit SingheTranslator977463 2ddccENmGREh306 c208969d208969 001040708NFICaLbLd2025-02-10eDelivery of Books Act Divisiong599.00l0o306 GREpEN-127271r2025-02-10 00:00:00t1v599.00w2025-02-10yEN